Analýza hospodaření zemědělského podniku.
Možnosť externého posúdenia podnikateľského zámeru z hľadiska jeho uskutočniteľnosti pri ťažko prístupných finančných zdrojoch. Tento systém expertného hodnotenia používajú i zahraničné podniky a banky pri výbere partnerov. Ilustrácia vyhodnotenia na konkrétnom príklade. Vývoj peňažného toku a čisté...
Guardado en:
| Autor principal: | |
|---|---|
| Otros Autores: | |
| Formato: | Capítulo de libro |
| Lenguaje: | checo |
| Materias: | |
| Etiquetas: |
Sin Etiquetas, Sea el primero en etiquetar este registro!
|
MARC
| LEADER | 00000naa a2200000 4500 | ||
|---|---|---|---|
| 001 | r012158 | ||
| 005 | 20220826094524.4 | ||
| 041 | 0 | |a cze | |
| 044 | |a SK | ||
| 245 | 1 | 0 | |a Analýza hospodaření zemědělského podniku. |c A. Picková, P. Šmejkal |
| 520 | |a Možnosť externého posúdenia podnikateľského zámeru z hľadiska jeho uskutočniteľnosti pri ťažko prístupných finančných zdrojoch. Tento systém expertného hodnotenia používajú i zahraničné podniky a banky pri výbere partnerov. Ilustrácia vyhodnotenia na konkrétnom príklade. Vývoj peňažného toku a čistého príjmu. Miera rentability a analýza tvorby zisku. | ||
| 610 | 2 | 0 | |a podnik poľnohospodársky |
| 610 | 2 | 0 | |a podnikanie |
| 610 | 2 | 0 | |a projekty |
| 610 | 2 | 0 | |a expertízy |
| 610 | 2 | 0 | |a transformácia |
| 610 | 2 | 0 | |a rozbory činnosti hospodárskej |
| 610 | 2 | 0 | |a analýza ekonomická |
| 610 | 2 | 0 | |a strediská hospodárske |
| 610 | 2 | 0 | |a cash flow |
| 610 | 2 | 0 | |a príjmy |
| 610 | 2 | 0 | |a zisk podnikový |
| 610 | 2 | 0 | |a ukazovatele ekonomické |
| 100 | 1 | |a Picková, A. | |
| 700 | 1 | |a Šmejkal, P. | |